000 03914cam a2200385 a 4500
001 ocn264027304
003 TZ-ArACH
005 20130510152624.0
008 081023s2009 nyu b 001 0 eng
010 _a 2008046788
015 _aGBA8B2385
_2bnb
016 7 _a014760824
_2Uk
020 _a9781591026846
020 _a1591026849
035 _a(OCoLC)264027304
_z(OCoLC)223918881
040 _aDLC
_beng
_cTZ-ArACH
_dUKM
_dBTCTA
_dBAKER
_dYDXCP
_dBWX
_dC#P
_dQBX
_dONS
_dCHVBK
_dBDX
_dUWO
041 _aEng
049 _aTZAA
050 0 0 _aK2115
_b.S63
082 0 0 _a345/.01
_222
100 1 _aSmith, Adam M.,
_d1974-
_910134
245 1 0 _aAfter genocide : bringing the devil to justice /
_bbringing the devil to justice /
_cAdam M. Smith.
260 _aAmherst, N.Y. :
_bPrometheus Books,
_c2009.
300 _a441 p. ;
_c24 cm.
504 _aIncludes bibliographical references (p. 347-408) and index.
505 0 _aFrom Budapest to Bondi to Bosnia : an unlikely war crimes journey -- An odd, misguided debate : is it really international justice or no justice? -- Left behind -- The politics of hell : what happened? -- Falling on deaf ears (part I) : international justice from the ground up -- Falling on deaf ears (part II) : "unfair and unhelpful" -- The International Criminal Court and the limits of international justice -- They say it can't be done -- Croatia : justice in the shadow of the Hague.
520 _a"Imagine a criminal justice system that achieves fewer than five convictions per year and spends more than $20 million on each one. By some measures, this would make it the least efficient prosecutorial system in recorded history. Imagine that this same system consistently runs the risk of creating rather than deterring crimes, with few victims or perpetrators believing that it provides fairness, equity, or justice. For many in Rwanda, the former Yugoslavia, Sierra Leone, and elsewhere, this is the reality of the justice that the world community has provided for them in its international criminal tribunals." "How did one of the bravest and most optimistic expressions of post-Cold War global power - the provision of justice to those victimized by atrocious crimes - slip into a system in which so many doubt justice is being done, a system that may well exacerbate the problems it was designed to fix?" "Adam M. Smith, an international lawyer and the son of a Holocaust refugee, has worked on international justice in The Hague, the Balkans, Africa, and Asia. He comprehensively examines the complex, politicized world of international criminal justice from the ground up - from the perspective of those victims and survivors in whose name justice is being provided. Smith reviews the shortcomings of the international justice system in several hot spots." "Are other options available to provide justice without the devastating side effects? Smith illustrates the viability of a counterintuitive, yet historically tested, solution to dealing with genocide and other atrocities: placing the victims, survivors, and perpetrators center stage and entrusting the challenging and potentially destabilizing work of war crimes justice to the very states affected by the crimes." "After Genocide is indispensable reading for voters, policymakers, and citizens, as well as lawyers, academics, and human rights activists who hope that "never again" can become more than a platitude." --Book Jacket.
610 2 0 _aInternational Criminal Court.
_910135
650 0 _aJustice, Administration of
_xInternational cooperation.
_910136
650 0 _aInternational criminal courts.
_910137
650 0 _aGenocide.
_910138
776 0 8 _iOnline version:
_aSmith, Adam M., 1974-
_tAfter genocide.
_dAmherst, N.Y. : Prometheus Books, 2009
_w(OCoLC)764540858
942 _2lcc
_cBOOK
999 _c2268
_d2268